Logo

Description automatically generated
विद्यार्जन
 संसाधन केंद्र, भारतीय प्रौद्योगिकी संस्थान इन्दौर
Learning Resource Center, Indian Institute of Technology Indore

ऑनलाइन सार्वजनिक अभिगम प्रसूची
Online Public Access Catalogue (OPAC)

Monte Carlo methods for applied scientists (Record no. 53141)

MARC details
000 -LEADER
fixed length control field 00546nam a22001937a 4500
005 - DATE AND TIME OF LATEST TRANSACTION
control field 20260409170853.0
008 - FIXED-LENGTH DATA ELEMENTS--GENERAL INFORMATION
fixed length control field 260409b |||||||| |||| 00| 0 eng d
020 ## - INTERNATIONAL STANDARD BOOK NUMBER
International Standard Book Number 9789810223298
Qualifying information hb
020 ## - INTERNATIONAL STANDARD BOOK NUMBER
International Standard Book Number 9810223293
Qualifying information hb
082 ## - DEWEY DECIMAL CLASSIFICATION NUMBER
Classification number 518.282
Item number DIM
100 ## - MAIN ENTRY--PERSONAL NAME
Personal name Dimov, Ivan T.
245 ## - TITLE STATEMENT
Title Monte Carlo methods for applied scientists
260 ## - PUBLICATION, DISTRIBUTION, ETC.
Place of publication, distribution, etc. Singapore
Name of publisher, distributor, etc. World Scientific Publishing
Date of publication, distribution, etc. 2008
300 ## - PHYSICAL DESCRIPTION
Extent xv, 291p. ; 23cm.
653 ## - INDEX TERM--UNCONTROLLED
Uncontrolled term Mathematics Numerical Analysis
653 ## - INDEX TERM--UNCONTROLLED
Uncontrolled term Monte Carlo method
653 ## - INDEX TERM--UNCONTROLLED
Uncontrolled term MA306
942 ## - ADDED ENTRY ELEMENTS (KOHA)
Source of classification or shelving scheme Dewey Decimal Classification
Koha item type Book
Holdings
Withdrawn status Lost status Source of classification or shelving scheme Damaged status Not for loan Home library Current library Shelving location Date acquired Source of acquisition Total Checkouts Full call number Barcode Date last seen Price effective from Koha item type
    Dewey Decimal Classification     LRC, IIT Indore LRC, IIT Indore 3rd Floor - General Stack 09/04/2026 PO_2025-26_PO-77 ,Vendor: International Book Agency, Lucknow ; Inv. No.: IN470/25-26, dt.25.03.2026 ; Price: USD 145.00   518.282 DIM 38811 09/04/2026 09/04/2026 Book
Copyright © 2024, 2021, 2017 Indian Institute of Technology Indore. All Rights Reserved.
Managed & maintained by Learning Resource Center, IIT Indore